[Event "Bad Breisig Seniors op"]
[Site "Bad Breisig"]
[Date "2009.11.23"]
[Round "3"]
[White "Buzov, Boris"]
[Black "Classen, Herbert"]
[Result "1-0"]
[WhiteElo "2132"]
[BlackElo "1913"]
[PlyCount "72"]
[EventDate "2009.11.21"]
[EventType "swiss"]
[EventRounds "9"]
[EventCountry "GER"]
[SourceTitle "EXT 2019"]
[Source "ChessBase"]
[SourceDate "2018.10.10"]
[SourceVersion "1"]
[SourceVersionDate "2018.10.10"]
[SourceQuality "1"]

1. e4 e5 2. Nf3 Nc6 3. Bc4 Bc5 4. d3 Nf6 5. c3 0-0 6. Bb3 d6 7. 0-0 Qe7 8. Nbd2 Be6 9. Nc4 Bxc4 10. Bxc4 a6 11. Bb3 Rad8 12. Nh4 d5 13. Qf3 Qe6 14. Bg5 Ne7 15. Bxf6 Qxf6 16. Qxf6 gxf6 17. Rad1 c6 18. g3 Kh8 19. Kg2 Rg8 20. Kf3 Rd6 21. Ke2 Rgd8 22. Ng2 Ng6 23. f4 Kg7 24. d4 exd4 25. cxd4 Bb6 26. e5 fxe5 27. fxe5 R6d7 28. Nf4 Nxf4+ 29. gxf4 Rg8 30. Rg1+ Kf8 31. Rg3 Rxg3 32. hxg3 Re7 33. Kf3 Re6 34. Bc2 Rh6 35. Rd2 Ba5 36. Rd3 Rh1 1-0

[Event "Schwarzwald Seniors op 12th"]
[Site "Steinach"]
[Date "2004.04.03"]
[Round "5"]
[White "Classen, Herbert"]
[Black "Dufner, Manfred"]
[Result "1-0"]
[WhiteElo "1820"]
[BlackElo "1465"]
[PlyCount "31"]
[EventDate "2004.03.29"]
[EventType "swiss"]
[EventRounds "9"]
[EventCountry "GER"]
[SourceTitle "EXT 2006"]
[Source "ChessBase"]
[SourceDate "2005.11.24"]
[SourceVersion "1"]
[SourceVersionDate "2005.11.24"]
[SourceQuality "1"]

1. e4 e5 2. Nf3 d6 3. d4 Bg4 4. dxe5 Bxf3 5. Qxf3 dxe5 6. Bc4 Nf6 7. Qb3 Qe7 8. Nc3 b6 9. Bg5 c6 10. 0-0-0 h6 11. Nb5 Nbd7 12. Bxf7+ Kd8 13. Bxf6 gxf6 14. Be6 Qb4 15. Rxd7+ Ke8 16. Nc7# 1-0